[Event "Sao Paulo op-C U1700 8th"]
[Site "Sao Paulo"]
[Date "2019.10.19"]
[Round "3"]
[White "Ito, Raphael Kenzo Takan"]
[Black "Fugimoto, Rafael Aoki"]
[Result "0-1"]
[WhiteElo "1748"]
[BlackElo "1239"]
[PlyCount "120"]
[EventDate "2019.10.17"]
[EventType "swiss"]
[EventRounds "6"]
[EventCountry "BRA"]
[SourceTitle "CBM 192 Extra"]
[Source "Chessbase"]
[SourceDate "2019.11.06"]
[SourceVersion "1"]
[SourceVersionDate "2019.11.06"]
[SourceQuality "1"]

1. e4 c5 2. Nf3 e6 3. Bb5 a6 4. Ba4 b5 5. Bb3 c4 6. Ne5 cxb3 7. Qf3 Nf6 8. Qxb3 Qc7 9. Nf3 Nxe4 10. 0-0 Nf6 11. d3 Bb7 12. d4 Bxf3 13. Qxf3 Qc6 14. Qd3 Qc7 15. f4 Nc6 16. Nc3 Be7 17. f5 Bd6 18. g3 0-0 19. fxe6 dxe6 20. Qd2 Be7 21. Qg5 h6 22. Qd2 Qd6 23. Rf4 Nh5 24. Rf3 Qxd4+ 25. Qxd4 Nxd4 26. Rd3 Nxc2 27. Rb1 Rad8 28. Rxd8 Rxd8 29. b3 Nd4 30. Bb2 Bc5 31. a3 Nxb3+ 32. Kf1 Nd2+ 33. Ke1 Nxb1 34. Nxb1 Rc8 35. Nc3 Bxa3 36. Bxa3 Rxc3 37. Bb2 Rc2 38. Ba3 Rxh2 39. Bd6 a5 40. Bb8 b4 41. g4 Rh1+ 42. Kd2 Nf6 43. Kc2 Nxg4 44. Bc7 a4 45. Kb2 b3 46. Bd6 Rg1 47. Bc5 Rg2+ 48. Ka3 Ne5 49. Bd4 Nc4+ 50. Kxa4 b2 51. Kb4 b1Q+ 52. Kxc4 Rc2+ 53. Bc3 Qa1 54. Kd4 Qxc3+ 55. Ke4 Qe1+ 56. Kd4 Qd1+ 57. Ke4 Re2+ 58. Kf4 Qf1+ 59. Kg4 Rg2+ 60. Kh4 Qh1# 0-1